|
|
|
|
| LEADER |
00000nam0a2200000 4500 |
| 001 |
305419 |
| 005 |
20231102001810.0 |
| 020 |
|
|
|a RU
|b 83-40240
|
| 035 |
|
|
|a (RuTPU)RU\TPU\book\330687
|
| 090 |
|
|
|a 305419
|
| 100 |
|
|
|a 20150925d1983 km y0rusy5003 ca
|
| 101 |
0 |
|
|a rus
|
| 102 |
|
|
|a RU
|
| 105 |
|
|
|a a z 001zy
|
| 200 |
1 |
|
|a Штамповка на кривошипных горячештамповочных прессах и горизонтально-ковочных машинах
|f А. П. Атрошенко [и др.]
|
| 205 |
|
|
|a 3-е изд., перераб. и доп.
|
| 210 |
|
|
|a Ленинград
|c Машиностроение
|d 1983
|
| 215 |
|
|
|a 95 с.
|c ил.
|
| 225 |
1 |
|
|a Библиотечка кузнеца-новатора
|v Вып. 5
|
| 300 |
|
|
|a Авт. указаны на обороте тит. л.
|
| 320 |
|
|
|a Библиогр.: с. 93
|
| 606 |
1 |
|
|a Прессы кривошипные ковочно-штамповочные
|2 stltpush
|3 (RuTPU)RU\TPU\subj\51453
|9 70048
|
| 610 |
1 |
|
|a штамповка металлов горячая
|
| 610 |
1 |
|
|a кривошипные прессы
|
| 610 |
1 |
|
|a штамповка
|
| 610 |
1 |
|
|a горизонтально-ковочные машины
|
| 610 |
1 |
|
|a штампы
|
| 610 |
1 |
|
|a технологические процессы
|
| 610 |
1 |
|
|a качество
|
| 610 |
1 |
|
|a техника безопасности
|
| 675 |
|
|
|a 621.973.1
|z rus
|v 4
|
| 701 |
|
1 |
|a Атрошенко
|b А. П.
|g Алексей Петрович
|
| 701 |
|
1 |
|a Булат
|b Е. П.
|g Евгений Павлович
|
| 701 |
|
1 |
|a Спирин
|b В. Д.
|g Владимир Дмитриевич
|
| 701 |
|
1 |
|a Федоров
|b В. И.
|g Владимир Иванович
|
| 801 |
|
0 |
|a RU
|b RuMRKP
|c 19950704
|g psbo
|
| 801 |
|
1 |
|a RU
|b 63413507
|c 20150925
|
| 801 |
|
2 |
|a RU
|b 63413507
|c 20180403
|g RCR
|
| 942 |
|
|
|c BK
|